| 000 | 00949cam a2200301 i 4500 | ||
|---|---|---|---|
| 999 |
_c9431 _d9431 |
||
| 001 | 17848523 | ||
| 003 | GBCCL | ||
| 005 | 20241126110712.0 | ||
| 008 | 130813s2014 oru b 000 0 eng | ||
| 010 | _a 2013023640 | ||
| 020 | _a9780736954877 (hardcover) | ||
| 040 |
_aDLC _beng _cDLC _erda _dDLC |
||
| 042 | _apcc | ||
| 050 | 0 | 0 |
_aBV4211.3 _b.O35 2014 |
| 082 | 0 | 0 |
_a251 _223 _bOGI |
| 100 | 1 |
_aOgilvie, Lloyd John. _9551 |
|
| 245 | 1 | 2 |
_aA passionate calling / _cLloyd John Ogilvie. |
| 264 | 1 |
_aEugene, OR : _bHarvest House Publishers, _c[2014] |
|
| 300 |
_a174 pages ; _c20 cm |
||
| 336 |
_atext _2rdacontent |
||
| 337 |
_aunmediated _2rdamedia |
||
| 338 |
_avolume _2rdacarrier |
||
| 504 | _aIncludes bibliographical references. | ||
| 650 | 0 |
_aPreaching. _9404 |
|
| 906 |
_a7 _bcbc _corignew _d1 _eecip _f20 _gy-gencatlg |
||
| 942 |
_2ddc _cBK _01 |
||